000 01787nam2a2200253 4500
001 RU\NLR\BIBL_A\016337318
005 20260408184556.0
010 _a978-5-93008-391-0
035 _a(NLR Aleph) 016337318
090 _a13080363
_c13080363
100 _a20230407d2023 |||y0rusy50 ca
101 0 _arus
102 _aRU
200 0 _aВып. 37
_e[материалы XXVIII Всероссийской научно-практической конференции "Учебный физический эксперимент: Актуальные проблемы. Современные решения", 27-28 января 2023 г., г. Глазов]
210 _d2023
_aБ. м.
461 0 _1001RU\NLR\INFOCOMM18\1000117240
_12001#$aПроблемы учебного физического эксперимента$dThe problems of educational physical experiment$fГлазов. гос. пед. ин-т им. В.Г. Короленко$zeng$vВып. 37
_93692060
_cГлазов
_d1995-
_fГлазов. гос. пед. ин-т им. В.Г. Короленко
_lThe problems of educational physical experiment
_nГГПИ
_tПроблемы учебного физического эксперимента
_vВып. 37
606 _aФизический эксперимент школьный
_jСъезды, совещания и т.п
_3RU\NLR\AUTH\661138831
_91868152
686 1 _aЧ426.51-253.1я431
711 1 2 _a"Учебный физический эксперимент: актуальные проблемы. Современные решения", всероссийская научно-практическая конференция
_d28
_eГлазов
_f2023
_9844261
_3RU\NLR\AUTH\880589323
852 _aNLR
_jП7/2430
942 _cISSUE
980 _aNB
980 _aRUSPER